Handbook of public water systems

Corporate Author: HDR Engineering
Published: New York: Wiley, 2001.
Edition:2nd ed..
Subjects:
LEADER 00683cam a2200205 7i4500
001 0000054055
005 20080121090000.0
008 080102s2001 nyu eng
020 # # |a 9780471292111  
020 # # |a 0471292117  
090 0 0 |a TD 223   |b .H3 2001 
245 0 0 |a Handbook of public water systems   |c HDR Engineering, Inc.. 
250 # # |a 2nd ed.. 
260 # # |a New York:   |b Wiley,   |c 2001. 
300 # # |a xvi, 1136 p.:   |b ill.;   |c 25 cm.. 
650 0 0 |a Municipal water supply --   |z United States  
650 0 0 |a Water quality --   |z United States  
650 0 0 |a Water --   |x Purification --   |z United States  
710 2 1 |a HDR Engineering  
999 |a 1100049674  |b Book  |c Open Shelf  |e KOLEKSI TERBUKA